Witamy w Bibliotece Naukowej Instytutu Łączności!

Fachwoerter des Fernmeldewesens : (Rekord nr 4940)

000 -LEADER
fixed length control field 00495 a2200109 4500
245 0# - TITLE STATEMENT
Title Fachwoerter des Fernmeldewesens :
Remainder of title Abkuerzungen, Begriffsbestimmungen,Formelzeichen usw. /
Statement of responsibility, etc .
250 ## - EDITION STATEMENT
Edition statement 3.,verbesserte und erweiterte Aufl..
260 ## - PUBLICATION, DISTRIBUTION, ETC. (IMPRINT)
Place of publication, distribution, etc Bremen :
Name of publisher, distributor, etc Institut zur Entwicklung moderner Unterrichtsmedien,
Date of publication, distribution, etc 1975.
300 ## - PHYSICAL DESCRIPTION
Extent 375 s.;
Dimensions 24 cm.
490 1# - SERIES STATEMENT
Series statement Schriftenreihe Datenverarbeitung
710 2# - ADDED ENTRY--CORPORATE NAME
Corporate name or jurisdiction name as entry element Institut zur Entwicklung moderner Unterrichtsmedien.
Relator term Wydawca
Relator code pbl
830 #0 - SERIES ADDED ENTRY--UNIFORM TITLE
Uniform title Schriftenreihe Datenverarbeitung
Egzemplarze
Withdrawn status Lost status Source of classification or shelving scheme Damaged status Not for loan Permanent Location Current Location Shelving location Date acquired Cost, normal purchase price Inventory number Full call number Barcode Date last seen Price effective from Koha item type
          Instytut Łączności Instytut Łączności Magazyn 1977-03-11 0.00 31209 31209 31209 2022-08-01 2017-11-30 Książki

Działa dzięki Koha